[Event "Stay Safe Play From Home 245"]
[Site "Emanuel Lasker Arena"]
[Date "2020.06.22"]
[Round "4"]
[White "SoulofWolf"]
[Black "AChessPlayer"]
[Result "0-1"]
[WhiteElo "2204"]
[BlackElo "2375"]
[Annotator "TA"]
[PlyCount "102"]
[EventDate "2020.06.22"]
[EventType "swiss (blitz)"]

{[%evp 9,102,0,-7,-29,-26,-33,-37,-62,-35,-60,0,0,0,3,0,-2,0,-6,0,0,0,0,0,0,0,-6,15,-11,59,8,11,16,19,-159,14,-55,10,-113,128,120,136,46,80,9,26,0,50,-58,-54,-63,0,0,0,0,33,14,27,29,56,0,72,0,274,27,41,-58,-58,-56,-57,-84,-80,-319,-96,-94,-59,-66,-56,-67,0,0,0,0,0,0,127,8,100,5,5,5,107,5,5,-29998,-29999]} 1. Nf3 g6 2. d4 Bg7 3. g3 c5 4. Bg2 cxd4 5. Nxd4 Nc6 6. Nf3 {A04: Unusual lines after 1 Nf3 and King's Indian Attack.} Nf6 7. O-O O-O 8. c3 {Black is slightly better.} d6 9. Nbd2 {[#]} h5 $146 (9... d5 $15) ({Predecessor:} 9... Bd7 10. Nb3 Rc8 11. h3 b5 12. Be3 a5 13. Nbd4 b4 14. Nxc6 Bxc6 15. Bd2 Qb6 16. cxb4 axb4 {1-0 (40) Prieto Aranguren,A (2161)-Galzagorri Uli,Y (2220) Mondragon 2007}) 10. Re1 Bg4 11. h3 Bd7 12. Nb3 Qc8 13. Kh2 a6 14. Bg5 b5 15. e4 Qc7 16. Rc1 Rfe8 17. Qd2 a5 18. Na1 Be6 (18... Ne5 $11) 19. b3 (19. Nd4 $14) 19... Rac8 $11 20. Nc2 Qb8 21. Ne3 $2 (21. Nfd4 $11 Bd7 22. Kg1) 21... Nh7 $2 (21... Nxe4 $17 22. Qd3 f5) 22. Bh4 (22. Bf4 $11) 22... Ne5 (22... f6 $15) 23. Nxe5 (23. Ng5 $11 {remains equal.}) 23... Bxe5 $2 (23... dxe5 $17 {stays on course.} 24. Nd5 f6) 24. f4 $16 Bg7 25. Rc2 (25. f5 $16) 25... b4 {[%cal Rg7c3]} 26. cxb4 (26. c4 $1 $16) 26... axb4 $11 27. Rec1 Rc3 28. Nd5 (28. f5 $14 g5 29. fxe6 fxe6 30. Bxg5 (30. Rxc3 bxc3 31. Qe2 gxh4 $17) 30... Nxg5 31. h4) 28... Bxd5 $1 $15 29. exd5 Rxc2 (29... Rec8 $15) 30. Rxc2 $11 Bc3 31. Qd3 Qc8 32. Be4 f5 33. Bf3 Qd7 34. Qe3 (34. a4 $14) 34... Kf7 (34... Bf6 $11) 35. Be2 (35. a4 $16) 35... Rc8 $2 {[%mdl 8192] [#]} (35... Nf6 $11 {and Black stays safe.}) 36. Bc4 $2 (36. Bb5 $1 $18 {[%cal Rb5d7][%mdl 512]} Qc7 (36... Qxb5 37. Qxe7+) 37. Qe6+ Kg7 38. Bxe7) 36... Nf6 37. Qe6+ ({White should play} 37. Bb5 $14 Qd8 38. Bxf6 Kxf6 39. a3) 37... Qxe6 $15 38. dxe6+ Kg7 39. Bg5 Ne4 40. Bh4 $2 (40. Bxe7 $17 {keeps fighting.} Bf6 41. Bxf6+ Kxf6 42. Bd3 Rxc2+ 43. Bxc2) 40... Rc7 $2 (40... Bf6 $19 {Strongly threatening ...Bxh4.} 41. Kg2 Bxh4 42. gxh4 d5 $1 {[%mdl 512]}) 41. Bd5 $17 Nf6 42. Bc4 d5 43. Bxf6+ $1 Kxf6 ({Better is} 43... Bxf6 $15 44. Bd3 Rxc2+ 45. Bxc2 Bc3) 44. Bxd5 $15 {[%mdl 4096] Endgame KRB-KRB} Rc5 45. Bc4 Ra5 46. Kg2 Rc5 (46... g5 $11) 47. Kf3 ({White should try} 47. a4 $16) 47... h4 {[#]} (47... Ra5 $11) 48. g4 (48. a4 $1 $16) 48... fxg4+ $11 49. Kxg4 g5 {[#]} (49... Be1 $1 $11 {keeps the balance.}) 50. fxg5+ (50. a4 $1 $16) 50... Rxg5+ 51. Kxh4 $2 {[%mdl 8192]} (51. Kf4 $11) 51... Be1+ {Accuracy: White = 38%, Black = 47%.} 0-1

[Event "Stay Safe Play From Home 245"]
[Site "Emanuel Lasker Arena"]
[Date "2020.06.22"]
[Round "4"]
[White "Bishop91"]
[Black "grazie"]
[Result "1/2-1/2"]
[WhiteElo "1763"]
[BlackElo "1772"]
[Annotator "NA"]
[PlyCount "127"]
[EventDate "2020.06.22"]
[EventType "swiss (blitz)"]

1. e4 {[%emt 0:00:01]} e6 {[%emt 0:00:00]} 2. Nf3 {[%emt 0:00:01]} d5 {[%emt 0:00:00]} 3. exd5 {[%emt 0:00:01]} exd5 {[%emt 0:00:00]} 4. d4 {[%emt 0:00:02]} Nf6 {[%emt 0:00:00]} 5. Bd3 {[%emt 0:00:01]} Bd6 {[%emt 0:00:00]} 6. O-O {[%emt 0:00:01]} O-O {[%emt 0:00:00]} 7. Re1 {[%emt 0:00:00]} c6 {[%emt 0:00:00]} 8. Bg5 {[%emt 0:00:01]} Bg4 {[%emt 0:00:00]} 9. Nbd2 {[%emt 0:00:01]} Nbd7 {[%emt 0:00:00]} 10. h3 {[%emt 0:00:01]} Bh5 {[%emt 0:00:01]} 11. c3 {[%emt 0:00:02]} Qc7 {[%emt 0:00:01]} 12. Qc2 {[%emt 0:00:01]} Rae8 {[%emt 0:00:01]} 13. b3 {[%emt 0:00:08]} Bf4 {[%emt 0:00:04]} 14. Bxf4 {[%emt 0:00:01]} Qxf4 {[%emt 0:00:01]} 15. Bf5 {[%emt 0:00:03]} Bxf3 {[%emt 0:00:04]} 16. Nxf3 {[%emt 0:00:02]} h6 {[%emt 0:00:01]} 17. Bxd7 {[%emt 0:00:03]} Nxd7 {[%emt 0:00:01]} 18. Qc1 {[%emt 0:00:02]} Qxc1 {[%emt 0:00:02]} 19. Raxc1 {[%emt 0:00:01]} Rxe1+ {[%emt 0:00:01]} 20. Rxe1 {[%emt 0:00:01]} Nf6 {[%emt 0:00:01]} 21. Ne5 {[%emt 0:00:00]} Re8 {[%emt 0:00:02]} 22. Kf1 {[%emt 0:00:00]} Kf8 {[%emt 0:00:03]} 23. f4 {[%emt 0:00:01]} Ne4 {[%emt 0:00:02]} 24. c4 {[%emt 0:00:02]} f6 {[%emt 0:00:02]} 25. Nd3 {[%emt 0:00:03]} dxc4 {[%emt 0:00:02]} 26. bxc4 {[%emt 0:00:01]} Nd2+ {[%emt 0:00:01]} 27. Kf2 {[%emt 0:00:01]} Nxc4 {[%emt 0:00:01]} 28. Rxe8+ {[%emt 0:00:01]} Kxe8 {[%emt 0:00:01]} 29. f5 {[%emt 0:00:00]} Nd2 {[%emt 0:00:03]} 30. g4 {[%emt 0:00:00]} Ke7 {[%emt 0:00:01]} 31. Ke3 {[%emt 0:00:00]} Nc4+ {[%emt 0:00:01]} 32. Ke2 {[%emt 0:00:00]} Nb6 {[%emt 0:00:01]} 33. Nc5 {[%emt 0:00:01]} Nd5 {[%emt 0:00:02]} 34. Nxb7 {[%emt 0:00:00]} Nc3+ {[%emt 0:00:01]} 35. Kd3 {[%emt 0:00:01]} Nxa2 {[%emt 0:00:01]} 36. Na5 {[%emt 0:00:00]} Kd6 {[%emt 0:00:02]} 37. Nc4+ {[%emt 0:00:04]} Kc7 {[%emt 0:00:02]} 38. Ne3 {[%emt 0:00:00]} Nb4+ {[%emt 0:00:01]} 39. Kc4 {[%emt 0:00:00]} Na6 {[%emt 0:00:02]} 40. d5 {[%emt 0:00:02]} cxd5+ {[%emt 0:00:01]} 41. Nxd5+ {[%emt 0:00:00]} Kd6 {[%emt 0:00:00]} 42. Nb4 {[%emt 0:00:01]} Nxb4 {[%emt 0:00:01]} 43. Kxb4 {[%emt 0:00:00]} Ke5 {[%emt 0:00:00]} 44. Kc3 {[%emt 0:00:00]} Kf4 {[%emt 0:00:00]} 45. Kd3 {[%emt 0:00:00]} Kg3 {[%emt 0:00:00]} 46. Ke2 {[%emt 0:00:00]} Kxh3 {[%emt 0:00:01]} 47. Kf3 {[%emt 0:00:00]} Kh4 {[%emt 0:00:01]} 48. Kf4 {[%emt 0:00:00]} a6 {[%emt 0:00:00]} 49. Kf3 {[%emt 0:00:01]} a5 {[%emt 0:00:01]} 50. Kf4 {[%emt 0:00:00]} a4 {[%emt 0:00:01]} 51. Ke3 {[%emt 0:00:00]} Kg5 {[%emt 0:00:00]} 52. Kd3 {[%emt 0:00:00]} Kxg4 {[%emt 0:00:00]} 53. Kc3 {[%emt 0:00:00]} Kxf5 {[%emt 0:00:00]} 54. Kb4 {[%emt 0:00:00]} h5 {[%emt 0:00:00]} 55. Kxa4 {[%emt 0:00:01]} h4 {[%emt 0:00:00]} 56. Kb5 {[%emt 0:00:00]} h3 {[%emt 0:00:00]} 57. Kc6 {[%emt 0:00:00]} h2 {[%emt 0:00:00]} 58. Kd6 {[%emt 0:00:00]} h1=Q {[%emt 0:00:00]} 59. Ke7 {[%emt 0:00:01]} Qb7+ {[%emt 0:00:03]} 60. Kf8 {[%emt 0:00:00]} g5 {[%emt 0:00:01]} 61. Kg8 {[%emt 0:00:01]} Ke5 {[%emt 0:00:00]} 62. Kf8 {[%emt 0:00:00]} f5 {[%emt 0:00:00]} 63. Kg8 {[%emt 0:00:00]} Qd7 {[%emt 0:00:00]} 64. Kh8 {[%emt 0:00:00] Zeit (Lag: Av=0.33s, max=0.7s)} 1/2-1/2

[Event "Stay Safe Play From Home 245"]
[Site "Emanuel Lasker Arena"]
[Date "2020.06.22"]
[Round "4"]
[White "Trotsky"]
[Black "Bardellosport"]
[Result "0-1"]
[WhiteElo "1570"]
[BlackElo "2010"]
[PlyCount "28"]
[EventDate "2020.06.22"]
[EventType "swiss (blitz)"]

1. d4 {[%emt 0:00:01]} d6 {[%emt 0:00:00]} 2. e3 {[%emt 0:00:00]} f5 {[%emt 0:00:01]} 3. c4 {[%emt 0:00:01]} Nf6 {[%emt 0:00:00]} 4. Nc3 {[%emt 0:00:01]} g6 {[%emt 0:00:00]} 5. Bd3 {[%emt 0:00:01]} Bg7 {[%emt 0:00:00]} 6. Qc2 {[%emt 0:00:00]} O-O {[%emt 0:00:00]} 7. Nf3 {[%emt 0:00:00]} Nc6 {[%emt 0:00:00]} 8. Bd2 {[%emt 0:00:00]} e5 {[%emt 0:00:01]} 9. d5 {[%emt 0:00:01]} e4 {[%emt 0:00:02]} 10. Nxe4 {[%emt 0:00:03]} fxe4 {[%emt 0:00:01]} 11. Bxe4 {[%emt 0:00:01]} Nxe4 {[%emt 0:00:01]} 12. Qxe4 {[%emt 0:00:01]} Ne5 {[%emt 0:00:01]} 13. h4 {[%emt 0:00:04]} Bf5 {[%emt 0:00:01]} 14. Qf4 {[%emt 0:00:04]} Nd3+ {[%emt 0:00:02] Trotsky Ñäàåòñÿ (Lag: Av=0.23s, max=0.3s)} 0-1

[Event "Stay Safe Play From Home 245"]
[Site "Emanuel Lasker Arena"]
[Date "2020.06.22"]
[Round "4"]
[White "Shyamph1980"]
[Black "Lamborghini"]
[Result "0-1"]
[WhiteElo "1530"]
[BlackElo "2172"]
[Annotator "NA"]
[PlyCount "52"]
[EventDate "2020.06.22"]
[EventType "swiss (blitz)"]

1. e4 {[%emt 0:00:01]} c5 {[%emt 0:00:04]} 2. Nf3 {[%emt 0:00:01]} d6 {[%emt 0:00:00]} 3. Bc4 {[%emt 0:00:01]} e6 {[%emt 0:00:01]} 4. Nc3 {[%emt 0:00:01]} a6 {[%emt 0:00:01]} 5. a4 {[%emt 0:00:02]} Qc7 {[%emt 0:00:01]} 6. d4 {[%emt 0:00:01]} cxd4 {[%emt 0:00:01]} 7. Qxd4 {[%emt 0:00:10]} Nc6 {[%emt 0:00:01]} 8. Qd3 {[%emt 0:00:01]} Nf6 {[%emt 0:00:01]} 9. O-O {[%emt 0:00:02]} Be7 {[%emt 0:00:01]} 10. Bf4 {[%emt 0:00:05]} O-O {[%emt 0:00:03]} 11. Bb3 {[%emt 0:00:01]} b6 {[%emt 0:00:02]} 12. Rfd1 {[%emt 0:00:02]} Ne5 {[%emt 0:00:01]} 13. Bxe5 {[%emt 0:00:01]} dxe5 {[%emt 0:00:01]} 14. Qe3 {[%emt 0:00:03]} Bb7 {[%emt 0:00:02]} 15. h3 {[%emt 0:00:04]} h6 {[%emt 0:00:02]} 16. Rd3 {[%emt 0:00:01]} Rad8 {[%emt 0:00:01]} 17. Rad1 {[%emt 0:00:01]} Rxd3 {[%emt 0:00:01]} 18. Rxd3 {[%emt 0:00:00]} Nd7 {[%emt 0:00:02]} 19. Kf1 {[%emt 0:00:05]} Nc5 {[%emt 0:00:01]} 20. Rd1 {[%emt 0:00:05]} Rd8 {[%emt 0:00:02]} 21. Rxd8+ {[%emt 0:00:02]} Bxd8 {[%emt 0:00:00]} 22. Bc4 {[%emt 0:00:01]} Be7 {[%emt 0:00:01]} 23. Qe2 {[%emt 0:00:01]} Kh7 {[%emt 0:00:03]} 24. b4 {[%emt 0:00:01]} Nd7 {[%emt 0:00:02]} 25. Qd3 {[%emt 0:00:01]} Bxb4 {[%emt 0:00:01]} 26. Ke2 {[%emt 0:00:05]} Nc5 {[%emt 0:00:00] Time (Lag: Av=0.60s, max=0.8s) .} 0-1

[Event "Stay Safe Play From Home 245"]
[Site "Emanuel Lasker Arena"]
[Date "2020.06.22"]
[Round "5"]
[White "AChessPlayer"]
[Black "Lazieri3"]
[Result "1-0"]
[WhiteElo "2384"]
[BlackElo "2146"]
[Annotator "TA"]
[PlyCount "95"]
[EventDate "2020.06.22"]
[EventType "swiss (blitz)"]

{[%evp 9,95,20,48,47,40,39,76,7,14,14,3,0,42,47,52,52,46,49,38,36,42,-36,-40,-32,-39,-29,-33,-35,-10,-18,-14,-44,-26,-89,125,118,223,95,272,126,209,171,178,89,114,-220,-220,-213,-224,-243,-187,-268,-268,-366,-365,-358,-350,-337,-268,-268,-268,-329,-326,-324,-302,-291,0,-275,-271,-265,-229,-293,0,-363,-319,-314,0,-312,5069,5069,5069,5069,4868,4378,2642,1373,1923,1304]} 1. Nf3 c6 2. b3 d5 3. Bb2 Nf6 4. g3 Bf5 5. Bg2 Qc8 6. d3 {A07: Réti Opening: New York and Capablanca Systems.} Bh3 7. O-O h5 {[#]} 8. Ng5 $146 (8. e4 $16) ({Predecessor:} 8. Bxh3 Qxh3 9. Ng5 Qf5 10. h4 e5 11. e4 dxe4 12. dxe4 Qg6 13. Bxe5 Nbd7 14. Bb2 Bc5 15. Qf3 O-O 16. Nd2 {½-½ (16) Szekeres,S (2138)-Fodre,S (2268) Gyongyos 2004}) 8... Bxg2 $11 9. Kxg2 h4 10. e4 hxg3 11. hxg3 (11. fxg3 Ng4 $11) 11... dxe4 12. dxe4 Nbd7 13. Rh1 Rxh1 14. Qxh1 {Strongly threatening e5.} Nc5 $1 15. Nd2 ({Better is} 15. f3 $14) 15... Qg4 $15 16. Qh4 Qxh4 17. gxh4 Rd8 18. Bc3 e6 19. a4 Be7 20. a5 Nh5 21. Kf3 {[#]} (21. Ngf3 $11 {keeps the balance.}) 21... Bxg5 $2 (21... Bf6 $1 $17 {[%cal Rf6c3] and life is bright.} 22. e5 {[#]} Bxe5 $1 {[%mdl 576] Deflection} 23. Bxe5 Rxd2) 22. hxg5 $16 f6 (22... f5 $16) 23. Ke3 (23. Rh1 $18 {and White stays clearly on top.}) 23... fxg5 $2 (23... e5 $16 {is a better defense.}) 24. Bd4 (24. Rg1 $18 {and the rest is easy.}) 24... b6 (24... Nd7 $16) 25. Bxc5 bxc5 $18 {[%mdl 4096] Endgame KRN-KRN} 26. Rg1 ({White should play} 26. Nf3 $18) 26... Nf6 $16 27. Rxg5 $2 {[%mdl 8192]} (27. Nc4 $16) 27... Rxd2 $1 $19 28. Rxc5 $16 {KRN-KR} Rd6 29. f3 Kd7 30. c4 (30. Ke2 $142) 30... Rd1 $19 31. Rg5 Ne8 32. b4 Rb1 33. b5 cxb5 34. cxb5 Ra1 35. a6 Rb1 36. Kd4 Kd6 37. Kc4 Kd7 $2 (37... Rh1 $19 {...Rc1+ is the strong threat.} 38. Rg2 Rc1+ 39. Kb4 Rd1) 38. Kc5 $2 {[%mdl 8192]} (38. Kd4 $1 $11 {and White has nothing to worry.}) 38... Rc1+ 39. Kd4 Rd1+ 40. Ke5 Rb1 $2 (40... Rf1 $19 41. f4 Rd1) 41. Kf4 $2 {[%mdl 8192]} (41. Kd4 $11) 41... Rc1 42. Ke3 Rb1 $2 (42... Rc3+ $19 43. Kd4 Rxf3) 43. f4 $2 {[%mdl 8192]} (43. Kd4 $11 {and White is okay.}) 43... Rxb5 $4 {[%mdl 8192]} (43... Rb4 $19 44. Kd3 Kd6) 44. Rxb5 $18 {White is clearly winning.} Nd6 45. Rb4 Kc6 46. e5 Nb5 47. Rc4+ Kd5 48. Rc8 {Accuracy: White = 40%, Black = 49%.} 1-0

[Event "Stay Safe Play From Home 245"]
[Site "Emanuel Lasker Arena"]
[Date "2020.06.22"]
[Round "5"]
[White "Mepe_Nika"]
[Black "Bishop91"]
[Result "1-0"]
[WhiteElo "2306"]
[BlackElo "1763"]
[Annotator "NA"]
[PlyCount "71"]
[EventDate "2020.06.22"]
[EventType "swiss (blitz)"]

1. d4 {[%emt 0:00:01]} e6 {[%emt 0:00:00]} 2. Bf4 {[%emt 0:00:01]} c5 {[%emt 0:00:00]} 3. c3 {[%emt 0:00:01]} cxd4 {[%emt 0:00:01]} 4. cxd4 {[%emt 0:00:00]} d5 {[%emt 0:00:03]} 5. Nc3 {[%emt 0:00:01]} Bd6 {[%emt 0:00:00]} 6. Bxd6 {[%emt 0:00:01]} Qxd6 {[%emt 0:00:00]} 7. Nf3 {[%emt 0:00:00]} Nc6 {[%emt 0:00:00]} 8. e4 {[%emt 0:00:01]} Bd7 {[%emt 0:00:00]} 9. e5 {[%emt 0:00:01]} Qb4 {[%emt 0:00:01]} 10. Qd2 {[%emt 0:00:02]} Nge7 {[%emt 0:00:01]} 11. Be2 {[%emt 0:00:01]} O-O {[%emt 0:00:00]} 12. O-O {[%emt 0:00:00]} Nf5 {[%emt 0:00:00]} 13. Rfd1 {[%emt 0:00:02]} a6 {[%emt 0:00:01]} 14. g4 {[%emt 0:00:02]} Nfe7 {[%emt 0:00:04]} 15. a3 {[%emt 0:00:01]} Qb5 {[%emt 0:00:01]} 16. Bxb5 {[%emt 0:00:02]} axb5 {[%emt 0:00:00]} 17. Nxb5 {[%emt 0:00:00]} Nxe5 {[%emt 0:00:02]} 18. Nxe5 {[%emt 0:00:04]} Bxb5 {[%emt 0:00:00]} 19. Rdc1 {[%emt 0:00:02]} Bc6 {[%emt 0:00:01]} 20. Rxc6 {[%emt 0:00:02]} bxc6 {[%emt 0:00:00]} 21. b4 {[%emt 0:00:01]} Rfc8 {[%emt 0:00:01]} 22. a4 {[%emt 0:00:01]} f6 {[%emt 0:00:01]} 23. Nd7 {[%emt 0:00:01]} Rc7 {[%emt 0:00:01]} 24. Nc5 {[%emt 0:00:01]} Rb8 {[%emt 0:00:01]} 25. Rb1 {[%emt 0:00:02]} Kf7 {[%emt 0:00:00]} 26. b5 {[%emt 0:00:01]} e5 {[%emt 0:00:01]} 27. b6 {[%emt 0:00:01]} Rcc8 {[%emt 0:00:01]} 28. a5 {[%emt 0:00:00]} e4 {[%emt 0:00:01]} 29. a6 {[%emt 0:00:01]} Ra8 {[%emt 0:00:01]} 30. b7 {[%emt 0:00:01]} Rxa6 {[%emt 0:00:00]} 31. bxc8=Q {[%emt 0:00:02]} Ra4 {[%emt 0:00:00]} 32. Qe6+ {[%emt 0:00:02]} Kg6 {[%emt 0:00:00]} 33. Nxa4 {[%emt 0:00:01]} Ng8 {[%emt 0:00:01]} 34. Qf5+ {[%emt 0:00:02]} Kf7 {[%emt 0:00:00]} 35. Rb7+ {[%emt 0:00:01]} Kf8 {[%emt 0:00:01]} 36. Qc8# {[%emt 0:00:01] (Lag: Av=0.38s, max=0.8s)} 1-0

[Event "Stay Safe Play From Home 245"]
[Site "Emanuel Lasker Arena"]
[Date "2020.06.22"]
[Round "5"]
[White "Bardellosport"]
[Black "SoulofWolf"]
[Result "1-0"]
[WhiteElo "2012"]
[BlackElo "2195"]
[PlyCount "145"]
[EventDate "2020.06.22"]
[EventType "swiss (blitz)"]

1. Nc3 {[%emt 0:00:01]} c5 {[%emt 0:00:01]} 2. g3 {[%emt 0:00:01]} e6 {[%emt 0:00:00]} 3. Bg2 {[%emt 0:00:00]} Nf6 {[%emt 0:00:00]} 4. e4 {[%emt 0:00:01]} d5 {[%emt 0:00:00]} 5. e5 {[%emt 0:00:01]} Nfd7 {[%emt 0:00:01]} 6. f4 {[%emt 0:00:00]} Nc6 {[%emt 0:00:00]} 7. Nf3 {[%emt 0:00:01]} Be7 {[%emt 0:00:00]} 8. d4 {[%emt 0:00:01]} O-O {[%emt 0:00:00]} 9. dxc5 {[%emt 0:00:01]} Nxc5 {[%emt 0:00:01]} 10. O-O {[%emt 0:00:00]} Rb8 {[%emt 0:00:01]} 11. Kh1 {[%emt 0:00:01]} b5 {[%emt 0:00:00]} 12. Ne2 {[%emt 0:00:02]} b4 {[%emt 0:00:01]} 13. c3 {[%emt 0:00:01]} a5 {[%emt 0:00:01]} 14. Ned4 {[%emt 0:00:01]} Qb6 {[%emt 0:00:05]} 15. Be3 {[%emt 0:00:02]} Qb7 {[%emt 0:00:04]} 16. Rc1 {[%emt 0:00:02]} Ne4 {[%emt 0:00:02]} 17. Qe1 {[%emt 0:00:03]} Nxd4 {[%emt 0:00:01]} 18. Nxd4 {[%emt 0:00:01]} bxc3 {[%emt 0:00:04]} 19. bxc3 {[%emt 0:00:01]} Ba3 {[%emt 0:00:02]} 20. Rc2 {[%emt 0:00:01]} Bd7 {[%emt 0:00:01]} 21. Bxe4 {[%emt 0:00:01]} dxe4 {[%emt 0:00:00]} 22. Bc1 {[%emt 0:00:01]} Bc5 {[%emt 0:00:01]} 23. Be3 {[%emt 0:00:01]} Rfc8 {[%emt 0:00:01]} 24. Qd2 {[%emt 0:00:01]} Ba4 {[%emt 0:00:01]} 25. Rcc1 {[%emt 0:00:01]} h6 {[%emt 0:00:01]} 26. g4 {[%emt 0:00:02]} Ba3 {[%emt 0:00:00]} 27. Rcd1 {[%emt 0:00:01]} Bb5 {[%emt 0:00:01]} 28. Nxb5 {[%emt 0:00:01]} Qxb5 {[%emt 0:00:01]} 29. Bd4 {[%emt 0:00:03]} Be7 {[%emt 0:00:02]} 30. Qg2 {[%emt 0:00:01]} Rd8 {[%emt 0:00:00]} 31. f5 {[%emt 0:00:01]} Qd5 {[%emt 0:00:01]} 32. f6 {[%emt 0:00:01]} Bf8 {[%emt 0:00:00]} 33. g5 {[%emt 0:00:01]} hxg5 {[%emt 0:00:01]} 34. Qxg5 {[%emt 0:00:01]} e3+ {[%emt 0:00:00]} 35. Qg2 {[%emt 0:00:01]} Qxg2+ {[%emt 0:00:01]} 36. Kxg2 {[%emt 0:00:01]} e2 {[%emt 0:00:00]} 37. Rfe1 {[%emt 0:00:01]} exd1=Q {[%emt 0:00:01]} 38. Rxd1 {[%emt 0:00:00]} Bc5 {[%emt 0:00:02]} 39. Kf3 {[%emt 0:00:02]} Bxd4 {[%emt 0:00:00]} 40. cxd4 {[%emt 0:00:00]} Rb4 {[%emt 0:00:00]} 41. Ke4 {[%emt 0:00:01]} Rb2 {[%emt 0:00:00]} 42. Rg1 {[%emt 0:00:02]} g6 {[%emt 0:00:02]} 43. h4 {[%emt 0:00:01]} Rh2 {[%emt 0:00:01]} 44. Rg4 {[%emt 0:00:01]} Rb8 {[%emt 0:00:02]} 45. Kd3 {[%emt 0:00:01]} Rbb2 {[%emt 0:00:01]} 46. Kc4 {[%emt 0:00:00]} Rbc2+ {[%emt 0:00:01]} 47. Kb5 {[%emt 0:00:01]} Rxa2 {[%emt 0:00:03]} 48. Kc6 {[%emt 0:00:02]} Kh7 {[%emt 0:00:01]} 49. Kd6 {[%emt 0:00:00]} Rab2 {[%emt 0:00:01]} 50. Rg1 {[%emt 0:00:00]} a4 {[%emt 0:00:01]} 51. Ra1 {[%emt 0:00:00]} a3 {[%emt 0:00:01]} 52. Rxa3 {[%emt 0:00:01]} Rbd2 {[%emt 0:00:00]} 53. Ra7 {[%emt 0:00:00]} Kh6 {[%emt 0:00:00]} 54. Rxf7 {[%emt 0:00:01]} Kh5 {[%emt 0:00:01]} 55. Rf8 {[%emt 0:00:00]} Kg4 {[%emt 0:00:00]} 56. Rh8 {[%emt 0:00:00]} Kf5 {[%emt 0:00:00]} 57. f7 {[%emt 0:00:00]} Rxd4+ {[%emt 0:00:00]} 58. Ke7 {[%emt 0:00:01]} Ke4 {[%emt 0:00:01]} 59. f8=Q {[%emt 0:00:00]} Re2 {[%emt 0:00:00]} 60. Rh6 {[%emt 0:00:00]} Kd3 {[%emt 0:00:00]} 61. Rxg6 {[%emt 0:00:00]} Rde4 {[%emt 0:00:00]} 62. Rg3+ {[%emt 0:00:00]} R4e3 {[%emt 0:00:01]} 63. Qc8 {[%emt 0:00:01]} Ke4 {[%emt 0:00:00]} 64. Qd8 {[%emt 0:00:00]} Rxg3 {[%emt 0:00:01]} 65. Qg8 {[%emt 0:00:00]} Rge3 {[%emt 0:00:00]} 66. Qg5 {[%emt 0:00:01]} Kf3 {[%emt 0:00:00]} 67. Qg6 {[%emt 0:00:00]} Rf2 {[%emt 0:00:00]} 68. Qf6+ {[%emt 0:00:00]} Ke2 {[%emt 0:00:00]} 69. Qxe6 {[%emt 0:00:00]} Ref3 {[%emt 0:00:00]} 70. Qf6 {[%emt 0:00:01]} Kf1 {[%emt 0:00:00]} 71. e6 {[%emt 0:00:00]} Kg2 {[%emt 0:00:00]} 72. Qf7 {[%emt 0:00:00]} Re2 {[%emt 0:00:00]} 73. Qxf3+ {[%emt 0:00:00] Czas partii (Lag: Av=0.30s, max=1.0s)} 1-0

[Event "Stay Safe Play From Home 245"]
[Site "Emanuel Lasker Arena"]
[Date "2020.06.22"]
[Round "5"]
[White "grazie"]
[Black "Lamborghini"]
[Result "1-0"]
[WhiteElo "1772"]
[BlackElo "2172"]
[PlyCount "75"]
[EventDate "2020.06.22"]
[EventType "swiss (blitz)"]

1. d4 {[%emt 0:00:00]} Nf6 {[%emt 0:00:13]} 2. c3 {[%emt 0:00:00]} g6 {[%emt 0:00:01]} 3. g3 {[%emt 0:00:00]} Bg7 {[%emt 0:00:00]} 4. Bg2 {[%emt 0:00:00]} O-O {[%emt 0:00:00]} 5. Nf3 {[%emt 0:00:00]} d6 {[%emt 0:00:00]} 6. Bg5 {[%emt 0:00:00]} Nc6 {[%emt 0:00:00]} 7. Bxf6 {[%emt 0:00:00]} exf6 {[%emt 0:00:01]} 8. Nbd2 {[%emt 0:00:00]} d5 {[%emt 0:00:01]} 9. O-O {[%emt 0:00:01]} f5 {[%emt 0:00:00]} 10. Re1 {[%emt 0:00:01]} h6 {[%emt 0:00:01]} 11. e3 {[%emt 0:00:00]} Re8 {[%emt 0:00:01]} 12. c4 {[%emt 0:00:00]} Ne7 {[%emt 0:00:02]} 13. cxd5 {[%emt 0:00:00]} Nxd5 {[%emt 0:00:01]} 14. a3 {[%emt 0:00:01]} Nf6 {[%emt 0:00:00]} 15. b4 {[%emt 0:00:01]} c6 {[%emt 0:00:00]} 16. Rc1 {[%emt 0:00:01]} a6 {[%emt 0:00:00]} 17. Nc4 {[%emt 0:00:01]} Ne4 {[%emt 0:00:01]} 18. Nfe5 {[%emt 0:00:01]} Kh7 {[%emt 0:00:01]} 19. Nxf7 {[%emt 0:00:02]} Qf6 {[%emt 0:00:01]} 20. Nfe5 {[%emt 0:00:01]} Be6 {[%emt 0:00:00]} 21. Bxe4 {[%emt 0:00:03]} fxe4 {[%emt 0:00:02]} 22. Qc2 {[%emt 0:00:01]} Bd5 {[%emt 0:00:01]} 23. Nd7 {[%emt 0:00:04]} Qf7 {[%emt 0:00:01]} 24. Nc5 {[%emt 0:00:01]} Re7 {[%emt 0:00:02]} 25. Nd6 {[%emt 0:00:01]} Qe6 {[%emt 0:00:01]} 26. Nxe6 {[%emt 0:00:01]} Rxe6 {[%emt 0:00:01]} 27. Nxb7 {[%emt 0:00:02]} Rf8 {[%emt 0:00:01]} 28. Nc5 {[%emt 0:00:01]} Ref6 {[%emt 0:00:00]} 29. Re2 {[%emt 0:00:01]} h5 {[%emt 0:00:00]} 30. Nxe4 {[%emt 0:00:01]} h4 {[%emt 0:00:00]} 31. Nxf6+ {[%emt 0:00:01]} Rxf6 {[%emt 0:00:01]} 32. e4 {[%emt 0:00:01]} Be6 {[%emt 0:00:01]} 33. Qxc6 {[%emt 0:00:02]} Bg4 {[%emt 0:00:01]} 34. Qxf6 {[%emt 0:00:00]} Bxf6 {[%emt 0:00:01]} 35. Re3 {[%emt 0:00:01]} Bg5 {[%emt 0:00:01]} 36. f4 {[%emt 0:00:01]} Bf6 {[%emt 0:00:02]} 37. e5 {[%emt 0:00:00]} Be7 {[%emt 0:00:01]} 38. d5 {[%emt 0:00:00] Lamborghini gibt auf (Lag: Av=0.25s, max=0.3s)} 1-0

[Event "Stay Safe Play From Home 245"]
[Site "Emanuel Lasker Arena"]
[Date "2020.06.22"]
[Round "5"]
[White "Shyamph1980"]
[Black "Klasman"]
[Result "1-0"]
[WhiteElo "1529"]
[BlackElo "1231"]
[Annotator "NA"]
[PlyCount "41"]
[EventDate "2020.06.22"]
[EventType "swiss (blitz)"]

1. d4 {[%emt 0:00:02]} f5 {[%emt 0:00:01]} 2. c4 {[%emt 0:00:01]} Nf6 {[%emt 0:00:01]} 3. Nc3 {[%emt 0:00:01]} e6 {[%emt 0:00:01]} 4. g3 {[%emt 0:00:00]} c6 {[%emt 0:00:01]} 5. Bg2 {[%emt 0:00:01]} Bb4 {[%emt 0:00:01]} 6. Bd2 {[%emt 0:00:01]} d5 {[%emt 0:00:04]} 7. c5 {[%emt 0:00:03]} Bxc3 {[%emt 0:00:04]} 8. Bxc3 {[%emt 0:00:02]} Ne4 {[%emt 0:00:02]} 9. e3 {[%emt 0:00:04]} Nd7 {[%emt 0:00:02]} 10. Ne2 {[%emt 0:00:01]} Ndf6 {[%emt 0:00:01]} 11. O-O {[%emt 0:00:01]} O-O {[%emt 0:00:02]} 12. Qb3 {[%emt 0:00:01]} g5 {[%emt 0:00:02]} 13. f3 {[%emt 0:00:03]} Nxc3 {[%emt 0:00:08]} 14. Qxc3 {[%emt 0:00:03]} Qe7 {[%emt 0:00:03]} 15. b4 {[%emt 0:00:01]} h5 {[%emt 0:00:01]} 16. Rab1 {[%emt 0:00:02]} h4 {[%emt 0:00:18]} 17. a4 {[%emt 0:00:03]} hxg3 {[%emt 0:00:01]} 18. hxg3 {[%emt 0:00:01]} g4 {[%emt 0:00:01]} 19. Nf4 {[%emt 0:00:02]} gxf3 {[%emt 0:00:02]} 20. Bxf3 {[%emt 0:00:01]} Ne4 {[%emt 0:00:03]} 21. Bxe4 {[%emt 0:00:02] Time (Lag: Av=0.76s, max=0.9s)} 1-0